Strength of Materials (Record no. 6164)

000 -LEADER
fixed length control field 00468nam a22001937a 4500
001 - CONTROL NUMBER
control field 6164
003 - CONTROL NUMBER IDENTIFIER
control field BD-DhUET
008 - FIXED-LENGTH DATA ELEMENTS--GENERAL INFORMATION
fixed length control field 141130b xxu||||| |||| 00| 0 eng d
040 ## - CATALOGING SOURCE
Original cataloging agency DLC
Transcribing agency DLC
Modifying agency BD-DhUET
082 ## - DEWEY DECIMAL CLASSIFICATION NUMBER
Classification number 620.11
Item number KHU/1984
100 ## - MAIN ENTRY--PERSONAL NAME
Personal name Khurmi, R. S.
245 ## - TITLE STATEMENT
Title Strength of Materials
250 ## - EDITION STATEMENT
Edition statement 14th ed.
260 ## - PUBLICATION, DISTRIBUTION, ETC. (IMPRINT)
Place of publication, distribution, etc. New Delhi
Name of publisher, distributor, etc. S. Chand
Date of publication, distribution, etc. 1984
300 ## - PHYSICAL DESCRIPTION
Extent vi, 991 p.
Other physical details ill.
650 #0 - SUBJECT ADDED ENTRY--TOPICAL TERM
Topical term or geographic name as entry element Strength of materials
700 ## - ADDED ENTRY--PERSONAL NAME
Personal name Lal, Jagdish
942 ## - ADDED ENTRY ELEMENTS (KOHA)
Koha item type General Book
Holdings
Damaged status Price effective from Koha date last seen Withdrawn status Piece designation (barcode) Not for loan Koha normalized classification for sorting Copy number Date acquired Koha item type Sublocation or collection (holding branch) Lost status Location (home branch) Shelving location Koha full call number Source of classification or shelving scheme
 2014-11-302014-11-30 58300 620_110000000000000_KHU_198412014-11-30General BookCentral Library, BUET Central Library, BUETCirculation section620.11/KHU/1984 
 2014-12-042014-12-04 58299 620_110000000000000_KHU_198422014-12-04General BookCentral Library, BUET Central Library, BUETCirculation section620.11/KHU/1984 
 2014-12-042017-01-25 58304 620_110000000000000_KHU_198432014-12-04General BookCentral Library, BUET Central Library, BUETCirculation section620.11/KHU/1984 
 2014-12-062014-12-06 58293 620_110000000000000_KHU_198442014-12-06General BookCentral Library, BUET Central Library, BUETCirculation section620.11/KHU/1984 
 2014-12-062014-12-06 39805 620_110000000000000_KHU_198452014-12-06General BookCentral Library, BUET Central Library, BUETCirculation section620.11/KHU/1984 
 2015-04-302015-04-30 58305 620_110000000000000_KHU_198462015-04-30General BookCentral Library, BUET Central Library, BUETCirculation section620.11/KHU/1984 
 2015-04-302015-04-30 58303 620_110000000000000_KHU_198472015-04-30General BookCentral Library, BUET Central Library, BUETCirculation section620.11/KHU/1984 
 2015-06-202015-06-20 58306 620_110000000000000_KHU_198482015-06-20Reading ItemCentral Library, BUET Central Library, BUETReading section620.11/KHU/1984 
 2015-06-282015-06-28 58297 620_110000000000000_KHU_1984112015-06-28Reading ItemCentral Library, BUET Central Library, BUETReading section620.11/KHU/1984 
 2015-06-282015-06-28 58298 620_110000000000000_KHU_1984102015-06-28Reading ItemCentral Library, BUET Central Library, BUETReading section620.11/KHU/1984 
 2015-06-282015-06-28 58301 620_110000000000000_KHU_1984112015-06-28Reading ItemCentral Library, BUET Central Library, BUETReading section620.11/KHU/1984 
 2015-06-302015-06-30 58296 620_110000000000000_KHU_1984122015-06-30Reading ItemCentral Library, BUET Central Library, BUETReading section620.11/KHU/1984 
 2015-06-302015-06-30 58295 620_110000000000000_KHU_1984132015-06-30Reading ItemCentral Library, BUET Central Library, BUETReading section620.11/KHU/1984 
 2015-07-022015-07-02 58302 620_110000000000000_KHU_1984142015-07-02Reading ItemCentral Library, BUET Central Library, BUETReading section620.11/KHU/1984